[Event "Frankfurt Ch 2013"]
[Site "Ffm-Kalbach, LAZ"]
[Date "2013.06.17"]
[Round "7.28"]
[White "Mußler, Thomas"]
[Black "Siegismund, Florian"]
[Result "1-0"]
[WhiteElo "1894"]
[BlackElo "1705"]
[PlyCount "69"]
[EventDate "2013.??.??"]
[WhiteTeam "SC Flörsheim 1921"]
[BlackTeam "SK Bad Schwalbach"]

1. e4 e6 2. d4 d5 3. e5 c5 4. c3 Nc6 5. g3 Nge7 6. Ne2 Nf5 7. Bh3 c4 8. O-O Be7
9. Na3 O-O 10. Nc2 b5 11. Ne3 Nxe3 12. Bxe3 b4 13. f4 bxc3 14. bxc3 Bd7 15. g4
Rb8 16. Qd2 Qb6 17. Rac1 Ba3 18. Rc2 Ne7 19. Qe1 Ba4 20. Rd2 Qa5 21. f5 exf5
22. gxf5 Bb2 23. Qg3 Kh8 24. Bf4 Rg8 25. e6 Rb6 26. exf7 Rf8 27. Be5 Rxf7 28.
Kh1 Qa6 29. Nf4 Nc6 30. Ne6 Nxe5 31. dxe5 Bd7 32. Nd4 Bc8 33. Rg1 Qa5 34. e6
Rfb7 35. f6 1-0

[Event "Frankfurt Ch 2013"]
[Site "Ffm-Kalbach, LAZ"]
[Date "2013.06.17"]
[Round "7.29"]
[White "Koch, Markus"]
[Black "Schneider, Marco"]
[Result "1-0"]
[WhiteElo "2105"]
[BlackElo "1778"]
[PlyCount "61"]
[EventDate "2013.??.??"]
[WhiteTeam "SC Brett vor'm Kopp Ffm"]
[BlackTeam "SC Nidderau"]

1. d4 g6 2. c4 Bg7 3. Nc3 d6 4. e4 a6 5. Be3 c6 6. Nge2 Nf6 7. f3 b5 8. c5 Qa5
9. Nc1 O-O 10. Be2 Nbd7 11. O-O Qc7 12. cxd6 exd6 13. Nd3 Nb6 14. b3 a5 15. Rc1
Qd7 16. a4 Ba6 17. axb5 cxb5 18. d5 Rab8 19. Bd4 Rfc8 20. Nf2 Ne8 21. Bxg7 Kxg7
22. Qd4+ f6 23. f4 Nc7 24. Bg4 Qd8 25. Bxc8 Nxc8 26. e5 dxe5 27. fxe5 b4 28.
exf6+ Kf7 29. Nce4 Bxf1 30. Ng5+ Kf8 31. Rxc7 1-0

[Event "Frankfurt Ch 2013"]
[Site "Ffm-Kalbach, LAZ"]
[Date "2013.06.17"]
[Round "7.30"]
[White "Sandten, Ulrich"]
[Black "Beck, Michael"]
[Result "1-0"]
[WhiteElo "2024"]
[BlackElo "1760"]
[PlyCount "65"]
[EventDate "2013.??.??"]
[WhiteTeam "SF Vonkeln 1931"]
[BlackTeam "SC Flörsheim 1921"]

1. e4 e6 2. Qe2 c5 3. Nf3 Nc6 4. g3 g6 5. Bg2 Bg7 6. O-O d6 7. c3 Nge7 8. Rd1
e5 9. Na3 O-O 10. Nc2 Qb6 11. b3 Be6 12. Ng5 Bd7 13. Bb2 h6 14. Nf3 Be6 15. d4
Bg4 16. dxc5 dxc5 17. Ne3 Be6 18. Nd5 Qa5 19. b4 cxb4 20. cxb4 Qd8 21. Nf6+
Bxf6 22. Rxd8 Rfxd8 23. b5 Nd4 24. Nxd4 exd4 25. e5 d3 26. Qd2 Bg7 27. Rc1 Bxa2
28. Ba3 Nd5 29. Qxa2 Nc3 30. Rxc3 d2 31. Bf3 d1=Q+ 32. Bxd1 Rxd1+ 33. Kg2 1-0

[Event "Frankfurt Ch 2013"]
[Site "Ffm-Kalbach, LAZ"]
[Date "2013.06.17"]
[Round "7.31"]
[White "Biegel, Thomas"]
[Black "Bittner, Peter"]
[Result "0-1"]
[WhiteElo "2018"]
[BlackElo "1714"]
[PlyCount "118"]
[EventDate "2013.??.??"]
[WhiteTeam "SC Steinbach"]
[BlackTeam "SC 1961 König Nied"]

1. Nf3 d5 2. c4 Nc6 3. cxd5 Qxd5 4. Nc3 Qd8 5. d4 e6 6. g3 Nf6 7. Bg2 Be7 8.
O-O O-O 9. e4 h6 10. h3 Re8 11. Be3 Bf8 12. Rc1 Ne7 13. Nb5 c6 14. Nc3 Ng6 15.
Qc2 Qe7 16. Rfd1 Rd8 17. a3 Kh8 18. Kh2 Qe8 19. Qe2 Be7 20. e5 Nd5 21. Nd2 Nxe3
22. Qxe3 f5 23. exf6 Bxf6 24. Nde4 Qe7 25. Nxf6 Qxf6 26. Ne4 Qf7 27. f4 Ne7 28.
Nc5 Nf5 29. Qe5 Qf6 30. Ne4 Qg6 31. Rc3 Qf7 32. Nc5 Qf6 33. Rcd3 Ne7 34. Qh5 b6
35. Ne4 Qg6 36. Qxg6 Nxg6 37. Nd2 Ne7 38. Nf3 Nd5 39. Ne5 Ba6 40. R3d2 Rdc8 41.
Ng6+ Kh7 42. Be4 Nf6 43. Bb1 Rc7 44. Nf8+ Kh8 45. Nxe6 Re7 46. f5 Bc4 47. Nf4
Re3 48. Ng2 Re7 49. Re1 Rae8 50. Rxe7 Rxe7 51. Kg1 Bd5 52. Nh4 Re1+ 53. Kf2
Rxb1 54. Re2 Ne4+ 55. Ke3 Nxg3 56. Rf2 Nh5 57. Ng6+ Kh7 58. Nf4 Nxf4 59. Kxf4
Rd1 0-1

[Event "Frankfurt Ch 2013"]
[Site "Ffm-Kalbach, LAZ"]
[Date "2013.06.17"]
[Round "7.32"]
[White "Holzschuh, Gerald"]
[Black "Ivkin, Michael"]
[Result "1-0"]
[WhiteElo "2008"]
[BlackElo "1725"]
[PlyCount "99"]
[EventDate "2013.??.??"]
[WhiteTeam "SC Bad Nauheim"]
[BlackTeam "Wiesbadener SV 1885"]

1. Nf3 d5 2. g3 c6 3. Bg2 Nf6 4. d3 Bg4 5. Nbd2 e6 6. e4 Be7 7. Qe2 O-O 8. h3
Bh5 9. g4 Bg6 10. Ne5 dxe4 11. Nxg6 fxg6 12. Nxe4 Nxe4 13. Bxe4 e5 14. O-O Bc5
15. Be3 Qb6 16. c3 Na6 17. b4 Bxe3 18. fxe3 Nc7 19. d4 Rf6 20. Qc4+ Re6 21. a4
Rf8 22. a5 Qb5 23. Bd3 Qd5 24. Qxd5 cxd5 25. e4 exd4 26. cxd4 Ref6 27. exd5 Rd8
28. Bc4 Nxd5 29. g5 Rf5 30. h4 Kf8 31. Rae1 Nf4 32. Re4 Nh5 33. Rg4 Ke7 34. d5
Rxf1+ 35. Kxf1 Rd6 36. Ke2 Kd7 37. Ke3 Ke7 38. Ke4 b6 39. Ke5 bxa5 40. bxa5 Kd7
41. Bb5+ Ke7 42. Bc4 Kd7 43. Bb5+ Ke7 44. Rc4 Rd8 45. Rc7+ Kf8 46. Rxa7 Ng3 47.
Bc6 Nf5 48. a6 Nxh4 49. Rd7 Re8+ 50. Kd6 1-0

[Event "Frankfurt Ch 2013"]
[Site "Ffm-Kalbach, LAZ"]
[Date "2013.06.17"]
[Round "7.33"]
[White "Mühlbach, Christian"]
[Black "Pauly, Markus"]
[Result "0-1"]
[WhiteElo "1634"]
[BlackElo "1930"]
[PlyCount "139"]
[EventDate "2013.??.??"]
[WhiteTeam "SK Langen"]
[BlackTeam "Sfr.Erbach"]

1. Nf3 g6 2. g3 Bg7 3. d4 c5 4. c3 b6 5. Bg2 Bb7 6. Qb3 Qc8 7. O-O e6 8. Nbd2
d5 9. Re1 Ne7 10. e4 O-O 11. e5 Nbc6 12. Nf1 h6 13. Ne3 cxd4 14. cxd4 Kh7 15.
Bd2 Qd8 16. Qd3 a5 17. Rac1 Ba6 18. Qb1 Qd7 19. Ng4 Ng8 20. h4 h5 21. Ne3 Nh6
22. Bh3 Rac8 23. Ng2 Ne7 24. Nf4 Nef5 25. Bc3 Rc6 26. Kh2 Rfc8 27. Rg1 Ng4+ 28.
Kg2 Bh6 29. Rce1 Rc4 30. Qd1 Qe7 31. Nd3 Kg7 32. Rh1 Nfe3+ 33. fxe3 Nxe3+ 34.
Rxe3 Bxe3 35. Nf4 b5 36. Nxd5 exd5 37. Bxc8 Bxc8 38. Qd3 b4 39. Qxe3 bxc3 40.
bxc3 Qa3 41. Rc1 Qxa2+ 42. Qd2 Qa3 43. Kf2 a4 44. Ne1 Bf5 45. Ng2 Qe7 46. Ne3
Rc8 47. Nxd5 Qb7 48. Ne3 Be4 49. c4 a3 50. d5 Qb2 51. Ke1 Qxe5 52. Qc3 Kf6 53.
Kd2 a2 54. Rf1+ Bf5 55. Nxf5 gxf5 56. Ra1 Rxc4 57. Qxe5+ Kxe5 58. Rxa2 Kxd5 59.
Kd3 Re4 60. Ra5+ Ke6 61. Ra6+ Ke5 62. Rh6 Rg4 63. Rxh5 Rxg3+ 64. Ke2 Kf4 65.
Rh8 Rh3 66. Ra8 Rxh4 67. Ra4+ Kg3 68. Rxh4 Kxh4 69. Kf3 Kg5 70. Kf2 0-1

[Event "Frankfurt Ch 2013"]
[Site "Ffm-Kalbach, LAZ"]
[Date "2013.06.17"]
[Round "7.34"]
[White "Klyszcz, Michael"]
[Black "Imelmann, Esther"]
[Result "1/2-1/2"]
[WhiteElo "1895"]
[BlackElo "1640"]
[PlyCount "40"]
[EventDate "2013.??.??"]
[WhiteTeam "SG 1871 Löberitz"]
[BlackTeam "SC 1961 König Nied"]

1. e3 d5 2. b3 e5 3. Bb2 Bd6 4. Nf3 Qe7 5. Be2 Nf6 6. O-O Bg4 7. c4 dxc4 8.
bxc4 Nc6 9. Nc3 a6 10. d4 exd4 11. Nd5 Nxd5 12. cxd5 Bxf3 13. dxc6 Bxc6 14.
Qxd4 Qg5 15. g3 O-O 16. h4 Qh6 17. Rfd1 f6 18. Rac1 Qg6 19. Bd3 Qh5 20. Bc2 Qe5
1/2-1/2

[Event "Frankfurt Ch 2013"]
[Site "Ffm-Kalbach, LAZ"]
[Date "2013.06.17"]
[Round "7.35"]
[White "Zimmer, Gerald"]
[Black "Fischer, Lutz"]
[Result "1-0"]
[WhiteElo "1882"]
[BlackElo "1603"]
[PlyCount "53"]
[EventDate "2013.??.??"]
[WhiteTeam "SC Bergen-Enkheim 1922"]
[BlackTeam "Sfr. Frankfurt 1921"]

1. d4 d5 2. Nf3 Nf6 3. c4 c6 4. Nc3 Nbd7 5. cxd5 Nxd5 6. e4 Nxc3 7. bxc3 Qc7 8.
Qb3 e6 9. a4 a5 10. Bd3 Be7 11. O-O O-O 12. Ng5 e5 13. Nxf7 Nc5 14. dxc5 Rxf7
15. Bc4 Bxc5 16. Ba3 Ba7 17. Rab1 b5 18. Bxf7+ Qxf7 19. Qxf7+ Kxf7 20. axb5
cxb5 21. Rxb5 Bb8 22. Rd1 Bc7 23. h3 h5 24. Rc5 Ra7 25. Rc6 Be6 26. Bd6 Bd8 27.
Bxe5 1-0

[Event "Frankfurt Ch 2013"]
[Site "Ffm-Kalbach, LAZ"]
[Date "2013.06.17"]
[Round "7.36"]
[White "Thomele, Michael"]
[Black "Steiz, Johann"]
[Result "1-0"]
[WhiteElo "1828"]
[BlackElo "1603"]
[PlyCount "73"]
[EventDate "2013.??.??"]
[WhiteTeam "SC 1959 Obernau"]
[BlackTeam "ESV Grossenbaum 1973"]

1. e4 d5 2. exd5 Nf6 3. d4 Qxd5 4. Nc3 Qa5 5. Bd3 c6 6. Nge2 Bg4 7. f3 Bh5 8.
Bd2 e6 9. Ne4 Qd8 10. c3 Nbd7 11. Bg5 Be7 12. Bf4 Nxe4 13. Bxe4 Nf6 14. Bd3 Nd5
15. Bd2 Bh4+ 16. Ng3 Bg6 17. Qe2 Qd6 18. O-O-O Bxd3 19. Qxd3 O-O-O 20. Ne4 Qc7
21. g3 Be7 22. Kb1 e5 23. c4 Nb4 24. Qb3 Na6 25. dxe5 Qxe5 26. Bf4 Qf5 27. Qc2
Qg6 28. h4 Rhe8 29. h5 Qe6 30. Rde1 Qd7 31. Rd1 Qe6 32. a3 Nc5 33. Nxc5 Bxc5
34. Qxh7 Rxd1+ 35. Rxd1 Qxc4 36. Qf5+ Qe6 37. Qxc5 1-0

[Event "Frankfurt Ch 2013"]
[Site "Ffm-Kalbach, LAZ"]
[Date "2013.06.17"]
[Round "7.37"]
[White "Hilbenz, Guntram"]
[Black "Zerhusen, Martin"]
[Result "1/2-1/2"]
[WhiteElo "1824"]
[BlackElo "1568"]
[PlyCount "87"]
[EventDate "2013.??.??"]
[WhiteTeam "SC Bad Nauheim"]
[BlackTeam "SV Oberursel"]

1. c4 c5 2. g3 Nf6 3. Bg2 Nc6 4. Nc3 d6 5. Nf3 g6 6. a3 Bg7 7. Rb1 O-O 8. b4
cxb4 9. axb4 Rb8 10. b5 Na5 11. d3 b6 12. Bd2 Qc7 13. O-O Nb7 14. Nd4 Bd7 15.
Nc6 Bxc6 16. bxc6 Nc5 17. Nb5 Qc8 18. Nxa7 Qd8 19. Nb5 Ne8 20. d4 Ne6 21. e3
N8c7 22. Ra1 d5 23. Qb3 dxc4 24. Qxc4 Re8 25. Ra7 Nxb5 26. Qxb5 Nc7 27. Qb3 e6
28. Bb4 Bf8 29. Bxf8 Kxf8 30. e4 Kg8 31. d5 exd5 32. exd5 Qd6 33. Rfa1 Red8 34.
Rb7 b5 35. Raa7 Rxb7 36. Rxb7 Re8 37. Rxc7 Qxc7 38. Qxb5 Rb8 39. Qc5 Rd8 40.
Bh3 Rd6 41. Bd7 Kf8 42. Qd4 Kg8 43. Qc5 Qb8 44. f4 1/2-1/2

[Event "Frankfurt Ch 2013"]
[Site "Ffm-Kalbach, LAZ"]
[Date "2013.06.17"]
[Round "7.38"]
[White "Midanka, Vladimir"]
[Black "Rennhack, Peer"]
[Result "0-1"]
[WhiteElo "1509"]
[BlackElo "1819"]
[PlyCount "75"]
[EventDate "2013.??.??"]
[WhiteTeam "vereinslos"]
[BlackTeam "Frankfurter TV 1860"]

1. Nf3 Nf6 2. d4 g6 3. c4 Bg7 4. Nc3 O-O 5. e4 d6 6. Be2 e5 7. O-O Nc6 8. d5
Ne7 9. Ne1 Ne8 10. Nd3 f5 11. Bd2 Nf6 12. f3 f4 13. c5 g5 14. Rc1 a6 15. cxd6
cxd6 16. Qb3 Ng6 17. Na4 b5 18. Nc3 g4 19. fxg4 Nxg4 20. Bxg4 Bxg4 21. Be1 Qg5
22. Rf2 Nh4 23. Bd2 Bh3 24. Ne1 Qg6 25. Kh1 Bg4 26. a3 Qh5 27. Na2 Rf6 28. h3
Nxg2 29. Kxg2 f3+ 30. Rxf3 Bxf3+ 31. Nxf3 Raf8 32. Rf1 Qg6+ 33. Kh2 Qxe4 34.
Nc3 Qd3 35. Qd1 Rxf3 36. Rxf3 Rxf3 37. Qe1 Rxh3+ 38. Kg1 {ZÜ} 0-1

[Event "Frankfurt Ch 2013"]
[Site "Ffm-Kalbach, LAZ"]
[Date "2013.06.17"]
[Round "7.39"]
[White "Weber, Samuel"]
[Black "Fröhlich-Dill, Astrid"]
[Result "1-0"]
[WhiteElo "1504"]
[BlackElo "1816"]
[PlyCount "53"]
[EventDate "2013.??.??"]
[WhiteTeam "SC Flörsheim 1921"]
[BlackTeam "SV 1920 Hofheim"]

1. e4 e6 2. d4 b6 3. Bf4 Bb7 4. Nd2 c5 5. Ngf3 Nf6 6. e5 Ne4 7. Nxe4 Bxe4 8.
Bd3 Bb7 9. O-O Nc6 10. c3 Be7 11. Qc2 h6 12. Rfd1 cxd4 13. Nxd4 Nxd4 14. cxd4
g5 15. Be3 Bc6 16. f4 gxf4 17. Bxf4 Rg8 18. g3 Bg5 19. Qf2 f5 20. Bc4 b5 21. d5
Qb6 22. Qxb6 axb6 23. Bxg5 bxc4 24. dxc6 hxg5 25. Rxd7 Ra5 26. Rad1 Rc5 27.
Rd8+ 1-0

[Event "Frankfurt Ch 2013"]
[Site "Ffm-Kalbach, LAZ"]
[Date "2013.06.17"]
[Round "7.40"]
[White "Weiland, Thomas"]
[Black "Kirschner, Matthias"]
[Result "1-0"]
[WhiteElo "1787"]
[BlackElo "1517"]
[PlyCount "83"]
[EventDate "2013.??.??"]
[WhiteTeam "SV Oberursel"]
[BlackTeam "SV 1997 Nauheim"]

1. e4 d6 2. d4 Nf6 3. Nc3 e5 4. dxe5 dxe5 5. Qxd8+ Kxd8 6. Nf3 Bd6 7. Bd3 h6 8.
h3 Be6 9. Be3 Nbd7 10. O-O-O a6 11. a3 Ke7 12. g4 Bc5 13. Bxc5+ Nxc5 14. Nxe5
Rhd8 15. f4 Nxd3+ 16. Rxd3 Rxd3 17. Nxd3 Rd8 18. Rd1 Bd7 19. Ne5 Be8 20. Nd5+
Nxd5 21. exd5 f6 22. Nf3 Bf7 23. c4 b5 24. b3 bxc4 25. bxc4 Kd6 26. Kc2 Be8 27.
Re1 Ba4+ 28. Kc3 Rb8 29. Nd4 Bd7 30. Nf5+ Bxf5 31. gxf5 Kd7 32. Rg1 Rg8 33. Kd4
c6 34. Rb1 Kc7 35. Kc5 cxd5 36. cxd5 Rc8 37. Rg1 Kb7+ 38. Kd6 Rc7 39. Rb1+ Kc8
40. Rb6 Rd7+ 41. Ke6 Ra7 42. d6 1-0

[Event "Frankfurt Ch 2013"]
[Site "Ffm-Kalbach, LAZ"]
[Date "2013.06.17"]
[Round "7.41"]
[White "Kletzerman, Simon"]
[Black "Makilla, Tobias"]
[Result "0-1"]
[WhiteElo "1504"]
[BlackElo "1807"]
[PlyCount "100"]
[EventDate "2013.??.??"]
[WhiteTeam "TuS Makkabi Ffm"]
[BlackTeam "Sfr.1932 Kelkheim"]

1. e4 d5 2. exd5 Nf6 3. c4 c6 4. dxc6 Nxc6 5. Nf3 Bg4 6. Be2 e5 7. O-O Bc5 8.
a3 a5 9. Nc3 O-O 10. Na4 Ba7 11. h3 Bh5 12. Nh2 Bg6 13. Ng4 Ne4 14. Ne3 f5 15.
d3 Nf6 16. Bd2 Nd4 17. Bc3 Nxe2+ 18. Qxe2 f4 19. Nd5 Nxd5 20. cxd5 Qxd5 21.
Qxe5 Qxe5 22. Bxe5 Bxd3 23. Rfe1 Bf5 24. Nc3 h5 25. Nd5 f3 26. Ne7+ Kh7 27.
Nxf5 Rxf5 28. g3 Rc8 29. Bc3 Rf7 30. Rad1 a4 31. Re5 Rc5 32. Rdd5 Rxd5 33. Rxd5
Kg6 34. Ra5 b5 35. Rxb5 Rd7 36. Re5 Rd1+ 37. Re1 Rxe1+ 38. Bxe1 Bd4 39. Bc3
Bxc3 40. bxc3 Kf5 41. Kf1 Ke4 42. c4 Kd4 43. c5 Kxc5 44. Ke1 Kc4 45. Kd2 Kb3
46. Kd3 Kxa3 47. Kc3 Ka2 48. Kc2 g5 49. g4 hxg4 50. hxg4 a3 0-1

[Event "Frankfurt Ch 2013"]
[Site "Ffm-Kalbach, LAZ"]
[Date "2013.06.17"]
[Round "7.42"]
[White "Liebske, Reiner"]
[Black "Seickel, Ralf"]
[Result "0-1"]
[WhiteElo "1671"]
[BlackElo "1921"]
[PlyCount "50"]
[EventDate "2013.??.??"]
[WhiteTeam "SV Frankfurt Nord 1926"]
[BlackTeam "vereinslos"]

1. e4 c5 2. Nf3 a6 3. d4 cxd4 4. Nxd4 Nf6 5. Nc3 e5 6. Nb3 Bb4 7. Qd3 d5 8.
exd5 Nxd5 9. Bd2 Bxc3 10. Bxc3 Nc6 11. O-O-O Nxc3 12. Qxc3 Qe7 13. g3 O-O 14.
Bg2 Nb4 15. Qc5 Nxa2+ 16. Kb1 Qxc5 17. Nxc5 Nb4 18. Bxb7 Rb8 19. Be4 Bg4 20. f3
Rbc8 21. c3 Rxc5 22. cxb4 Rc4 23. Bd5 Bf5+ 24. Ka2 Rxb4 25. Rhe1 Bc2 0-1

[Event "Frankfurt Ch 2013"]
[Site "Ffm-Kalbach, LAZ"]
[Date "2013.06.17"]
[Round "7.43"]
[White "Günther, Rainer"]
[Black "Barisch, Florian"]
[Result "0-1"]
[WhiteElo "1573"]
[BlackElo "1797"]
[PlyCount "48"]
[EventDate "2013.??.??"]
[WhiteTeam "SV Mainz-Mombach"]
[BlackTeam "SV 1934 Ffm-Griesheim"]

1. e4 c5 2. Nf3 g6 3. c3 d5 4. e5 Nc6 5. d4 cxd4 6. cxd4 Bg4 7. Be3 Bh6 8. Nbd2
Bxe3 9. fxe3 Nh6 10. Bd3 Nf5 11. Bxf5 Bxf5 12. a3 Bd3 13. Nb3 Bb5 14. Nc1 O-O
15. Ne2 Na5 16. Nd2 f6 17. Nf4 fxe5 18. Ne6 Qd6 19. Nxf8 exd4 20. exd4 Rxf8 21.
Nf3 Nc4 22. b3 Qe6+ 23. Ne5 Nxe5 24. dxe5 Qxe5+ 0-1

[Event "Frankfurt Ch 2013"]
[Site "Ffm-Kalbach, LAZ"]
[Date "2013.06.17"]
[Round "7.44"]
[White "Rauscher, Joachim"]
[Black "Annen, Oliver"]
[Result "1/2-1/2"]
[WhiteElo "1720"]
[BlackElo "1632"]
[PlyCount "67"]
[EventDate "2013.??.??"]
[WhiteTeam "SC Brett vor'm Kopp Ffm"]
[BlackTeam "SK Bad Homburg 1927"]

1. e4 e6 2. d4 d5 3. Nd2 dxe4 4. Nxe4 Nf6 5. Nxf6+ Qxf6 6. Nf3 Qd8 7. Be3 Nd7
8. Bd3 Be7 9. O-O O-O 10. c3 c5 11. Bc2 Qc7 12. Qd2 Rd8 13. Qe2 b6 14. Rad1 Bb7
15. Rfe1 Rac8 16. Rd2 Bf6 17. Red1 Bxf3 18. Qxf3 cxd4 19. Bxd4 Bxd4 20. Rxd4
Nf6 21. Qd3 Rxd4 22. Qxd4 Kf8 23. h3 Ke7 24. Qb4+ Qc5 25. Qa4 Rc7 26. Qd4 Qxd4
27. Rxd4 Rd7 28. Rxd7+ Kxd7 29. Kf1 h6 30. Ke2 Kd6 31. g3 e5 32. Bb3 Nd5 33.
Kd3 f5 34. f3 1/2-1/2

[Event "Frankfurt Ch 2013"]
[Site "Ffm-Kalbach, LAZ"]
[Date "2013.06.17"]
[Round "7.45"]
[White "Willenbring, Jens-Dirk"]
[Black "Lemonidis, Christos"]
[Result "0-1"]
[WhiteElo "1551"]
[BlackElo "1714"]
[PlyCount "132"]
[EventDate "2013.??.??"]
[WhiteTeam "Bad Vilbeler Sfr.1985"]
[BlackTeam "SC 1961 König Nied"]

1. d4 d6 2. c4 g6 3. Nc3 Bg7 4. Nf3 c6 5. Bf4 Nd7 6. e3 Ngf6 7. Be2 O-O 8. O-O
Re8 9. Qc2 e5 10. dxe5 dxe5 11. Bg5 Qc7 12. Rad1 Nc5 13. Bxf6 Bxf6 14. e4 Be6
15. b3 Rad8 16. Rxd8 Bxd8 17. Nd2 Bc8 18. Rd1 Ne6 19. Nf3 Be7 20. Bf1 Nf4 21.
Ne2 Ne6 22. Qc3 f6 23. Qc2 Qb6 24. Nc3 Bb4 25. g3 Nc5 26. Nd2 Bg4 27. Be2 Bxe2
28. Nxe2 Rd8 29. Nc1 Rxd2 30. Rxd2 Bxd2 31. Qxd2 Nxe4 32. Qe3 Qxe3 33. fxe3 Kf7
34. Kg2 Ke7 35. Kf3 Ng5+ 36. Kg4 h5+ 37. Kh4 Nf3+ 38. Kh3 a5 39. Kg2 Ng5 40.
Nd3 Kd6 41. h4 Ne6 42. Kf2 Nc5 43. Nc1 Ke6 44. Kf3 Kf5 45. Ne2 Ne4 46. Kg2 Kg4
47. Kh2 Kf3 48. Ng1+ Kxe3 49. Kg2 Nc3 50. Nf3 Nxa2 51. Ne1 Nc1 52. Kf1 Nxb3 53.
Ng2+ Kd4 54. Ke2 Kxc4 55. Ne3+ Kc3 56. Nd1+ Kc2 57. Ne3+ Kc1 58. Kd3 b5 59. Kc3
Nd4 60. Kd3 a4 61. Kc3 a3 62. Kb4 a2 63. Kc5 a1=Q 64. Kd6 Qa3+ 65. Kd7 Qxe3 66.
Ke7 Qf3 0-1

[Event "Frankfurt Ch 2013"]
[Site "Ffm-Kalbach, LAZ"]
[Date "2013.06.17"]
[Round "7.46"]
[White "Plattner, Rolf"]
[Black "Gottschlich, Alexander"]
[Result "1-0"]
[WhiteElo "1703"]
[BlackElo "1524"]
[PlyCount "47"]
[EventDate "2013.??.??"]
[WhiteTeam "SK Langen"]
[BlackTeam "SV 1920 Hofheim"]

1. e4 c6 2. d4 d5 3. Nc3 dxe4 4. Nxe4 Bf5 5. Ng3 Bg6 6. Nf3 e6 7. h4 h5 8. Bd3
Bxd3 9. Qxd3 Nf6 10. Bd2 Nbd7 11. O-O-O Bd6 12. Ne4 Nxe4 13. Qxe4 Nf6 14. Qe2
Qc7 15. Ne5 Bxe5 16. dxe5 Ng4 17. Bc3 Ke7 18. f3 Nh6 19. g4 a5 20. Rd6 b5 21.
Rhd1 Rhd8 22. Qe4 Rac8 23. Bd2 c5 24. Bg5+ 1-0

[Event "Frankfurt Ch 2013"]
[Site "Ffm-Kalbach, LAZ"]
[Date "2013.06.17"]
[Round "7.48"]
[White "Ostermeier, Thorsten"]
[Black "Jähnert, Wolfgang"]
[Result "1/2-1/2"]
[WhiteElo "1931"]
[BlackElo "1551"]
[PlyCount "95"]
[EventDate "2013.??.??"]
[WhiteTeam "Sfr. Frankfurt 1921"]
[BlackTeam "Bad Vilbeler Sfr.1985"]

1. d4 Nf6 2. Nf3 d5 3. e3 Bg4 4. c4 e6 5. Nc3 c6 6. Qb3 Qc7 7. Ne5 Bf5 8. Be2
Be7 9. g4 Bg6 10. h4 dxc4 11. Bxc4 Be4 12. f3 Bxf3 13. Rg1 Bd5 14. g5 Nfd7 15.
Nxd7 Nxd7 16. Bd2 Bxc4 17. Qxc4 Nb6 18. Qe2 O-O-O 19. O-O-O Nd5 20. Kb1 Qd7 21.
e4 Nxc3+ 22. Bxc3 f6 23. g6 hxg6 24. Rxg6 Bf8 25. Qf2 Kb8 26. Rd2 Qf7 27. Rg1
Qc7 28. Rg6 Ka8 29. Rc2 Qb6 30. Qe1 Qb5 31. Qg3 e5 32. Rd2 exd4 33. Rxd4 Rxd4
34. Bxd4 Qf1+ 35. Kc2 Qe2+ 36. Kc1 Qxe4 37. Rg4 Qd5 38. Qe3 Qc4+ 39. Kd2 Bb4+
40. Kd1 Qf1+ 41. Kc2 Qc4+ 42. Kb1 Qf7 43. Re4 Qd7 44. a3 Bd6 45. Bxa7 Be5 46.
Bb6 Qd1+ 47. Ka2 Qd5+ 48. Kb1 1/2-1/2

[Event "Frankfurt Ch 2013"]
[Site "Ffm-Kalbach, LAZ"]
[Date "2013.06.17"]
[Round "7.49"]
[White "Cors, Heinz-Friedrich"]
[Black "Bergner, Matthias"]
[Result "1-0"]
[WhiteElo "1780"]
[BlackElo "1574"]
[PlyCount "63"]
[EventDate "2013.??.??"]
[WhiteTeam "SV SF Darmstadt 1994"]
[BlackTeam "SV 1926 Neu-Isenburg"]

1. e4 e6 2. d4 d5 3. e5 c5 4. c3 Nc6 5. Nf3 Nge7 6. Be2 cxd4 7. cxd4 Nf5 8. Nc3
Be7 9. O-O O-O 10. g4 Nh4 11. Nxh4 Bxh4 12. Be3 f5 13. Qd2 fxg4 14. Bxg4 Qe8
15. Kh1 Ne7 16. Rg1 Qf7 17. Rg2 Kh8 18. Bg5 Bxg5 19. Qxg5 Ng6 20. Bh5 Qf4 21.
Bxg6 Qxg5 22. Rxg5 hxg6 23. Kg2 Kh7 24. Nb5 Bd7 25. Nd6 Bc6 26. Rg4 Kh6 27. Rg1
g5 28. Kf1 Rf4 29. Rxg5 Raf8 30. R1g2 Rxd4 31. Rg6+ Kh5 32. Rxg7 1-0

[Event "Frankfurt Ch 2013"]
[Site "Ffm-Kalbach, LAZ"]
[Date "2013.06.17"]
[Round "7.50"]
[White "Heun, Andreas"]
[Black "Benikhis, Avram"]
[Result "1/2-1/2"]
[WhiteElo "1519"]
[BlackElo "1750"]
[PlyCount "61"]
[EventDate "2013.??.??"]
[WhiteTeam "SC Ladja Roßdorf"]
[BlackTeam "SC Eschbach im Usinger Land"]

1. e4 c5 2. Nc3 d6 3. f4 Nc6 4. Nf3 a6 5. a4 Nf6 6. Bc4 Bg4 7. O-O Nd4 8. d3
Nxf3+ 9. gxf3 Bh3 10. Rf2 e5 11. Ne2 Qd7 12. Kh1 Be6 13. b3 Bxc4 14. bxc4 Qc7
15. Nc3 Be7 16. Rg2 g6 17. Bd2 O-O-O 18. Nd5 Nxd5 19. cxd5 f6 20. Rb1 Rdf8 21.
c4 Rf7 22. Qe1 Qd7 23. Qd1 Bd8 24. Be3 Ba5 25. Qb3 Qh3 26. Rg3 Qh6 27. Rg4 f5
28. exf5 gxf5 29. Rg5 Bd8 30. Rxf5 Rhf8 31. Qb2 1/2-1/2

[Event "Frankfurt Ch 2013"]
[Site "Ffm-Kalbach, LAZ"]
[Date "2013.06.17"]
[Round "7.51"]
[White "Richter, Wolfram"]
[Black "Bastian, Holger"]
[Result "0-1"]
[WhiteElo "1519"]
[BlackElo "1698"]
[PlyCount "96"]
[EventDate "2013.??.??"]
[WhiteTeam "SK Bad Sooden-Allendorf"]
[BlackTeam "Aschaffenburg- Schweinheim"]

1. c4 Nf6 2. g3 g6 3. Nc3 Bg7 4. Bg2 O-O 5. e4 d6 6. f4 Nbd7 7. Nf3 e5 8. d3 c6
9. a4 Re8 10. Ra2 Qb6 11. a5 Qc7 12. O-O Nc5 13. Nh4 Bg4 14. Bf3 Bh3 15. Rf2
exf4 16. gxf4 Qd7 17. b4 Ng4 18. Rfc2 Bd4+ 19. Kh1 Nb3 20. f5 Nxc1 21. Bxg4
Nxa2 22. Nxa2 Bxg4 23. Qxg4 d5 24. cxd5 cxd5 25. Qd1 dxe4 26. fxg6 hxg6 27.
dxe4 Rxe4 28. Nf3 Qg4 29. Nc3 Re3 30. Nxd4 Qxd1+ 31. Nxd1 Re1+ 32. Kg2 Rxd1 33.
Nf3 Rad8 34. Rc7 R8d7 35. Rc4 Re7 36. Kf2 Rd3 37. b5 Rd5 38. Rb4 Rf5 39. Rb3
Ree5 40. b6 Rxa5 41. bxa7 Rxa7 42. Ke3 Rfa5 43. Kf4 Ra3 44. Rb5 R7a4+ 45. Kg3
Rc3 46. Rb2 Raa3 47. Rf2 Kg7 48. Kf4 Rxf3+ 0-1

[Event "Frankfurt Ch 2013"]
[Site "Ffm-Kalbach, LAZ"]
[Date "2013.06.17"]
[Round "7.52"]
[White "Lehmann, Gerit"]
[Black "Paulsen, Alexej"]
[Result "0-1"]
[WhiteElo "1437"]
[BlackElo "1665"]
[PlyCount "80"]
[EventDate "2013.??.??"]
[WhiteTeam "Sfr. Frankfurt 1921"]
[BlackTeam "TuS Makkabi Ffm"]

1. d4 Nf6 2. c4 g6 3. Nc3 d5 4. cxd5 Nxd5 5. Nxd5 Qxd5 6. Nf3 Bg7 7. e3 Bf5 8.
Bd3 Nc6 9. a3 e5 10. Bxf5 gxf5 11. O-O e4 12. Nd2 Bh6 13. Qb3 O-O-O 14. Qxd5
Rxd5 15. b4 Re8 16. Nb3 a5 17. bxa5 Nxa5 18. Nxa5 Rxa5 19. Bd2 Ra4 20. Rfb1 Bf8
21. Bb4 Bxb4 22. Rxb4 Ra5 23. a4 c6 24. Rc1 Kc7 25. Kf1 Rea8 26. Rcb1 R8a7 27.
Rc4 Rxa4 28. Rc5 R7a5 29. Rxa5 Rxa5 30. Rb2 Rd5 31. Rc2 f4 32. Ke2 fxe3 33.
Kxe3 f5 34. Rc5 b5 35. g4 Rxc5 36. dxc5 fxg4 37. Kxe4 Kd7 38. Kd4 Ke6 39. Ke4
Kf6 40. Kf4 b4 0-1

[Event "Frankfurt Ch 2013"]
[Site "Ffm-Kalbach, LAZ"]
[Date "2013.06.17"]
[Round "7.53"]
[White "Brauer, Frank"]
[Black "Popp, Matthias"]
[Result "1-0"]
[WhiteElo "1657"]
[BlackElo "1514"]
[PlyCount "49"]
[EventDate "2013.??.??"]
[WhiteTeam "TuS Makkabi Ffm"]
[BlackTeam "SC Bergen-Enkheim 1922"]

1. e4 c5 2. c3 Nc6 3. d4 cxd4 4. cxd4 e6 5. Nc3 Qb6 6. Nf3 Be7 7. Be2 Nf6 8.
O-O O-O 9. d5 exd5 10. exd5 Nb4 11. Be3 Qd6 12. Bc4 b6 13. Nb5 Qb8 14. d6 Bd8
15. Ne5 a6 16. Nc3 b5 17. Bxf7+ Kh8 18. Bb3 Bb6 19. Nd5 Nbxd5 20. Bxd5 Ra7 21.
Bg5 Nxd5 22. Qxd5 Bb7 23. Nf7+ Kg8 24. Nh6+ Kh8 25. Qg8+ 1-0